000 00664nam a2200277Ia 4500
005 20260324143003.0
008 008 260324s9999 xx 000 0 eng d
020 _a9780203986295
037 _aEBOOK
040 _aCRL
040 _beng
040 _cCRL
041 _2eng
041 _aeng
084 _qCRL
100 _aA.C. Neal; F.B. Wright
_91213978
245 0 _aEuropean Communities' Health and Safety Legislation
260 _bTaylor and Francis
260 _c1993
365 _a
365 _b68.99
856 _uhttp://www.taylorfrancis.com/books/9780203986295
942 _cEBOOK
999 _c1818825
_d1818825